Análisis y mecánica de las estructuras

Shranjeno v:
Bibliografske podrobnosti
Glavni avtor: Jenkins, W. M (Author)
Format: Knjiga
Jezik:španščina
Izdano: Ciudad de México Representación y Servicios de Ingenniería 1985
Teme:
Oznake: Označite
Brez oznak, prvi označite!

MARC

LEADER 00000nam a2200000 a 4500
001 UCP2532
003 CL-VaPUC
008 990520e19850000MX |||||||||||||||||spa|d
082 0 4 |a 624.17  |b JEN  |2 21 
100 0 |a Jenkins, W. M  |e author  |9 429310 
245 1 0 |a Análisis y mecánica de las estructuras 
300 |a 418 p 
942 |c BK 
945 |d 19990520 00:00:00  |a rbrito 
260 |a Ciudad de México  |b Representación y Servicios de Ingenniería  |c 1985 
650 0 |a Análisis de estructuras   |9 346651 
650 0 |a Flexión de vigas  |9 429311 
650 0 |a Vigas compuestas  |9 429312 
650 0 |a Torsión   |9 266757 
650 7 |a FLEXIBILIDAD  |2 CL-VaPUC  |9 429313 
650 0 |a Dinámica estructural   |9 260388 
583 |a last modification  |c 19990520 00:00:00  |k Rodrigo Vera 
999 |c 281051  |d 281049 
952 |0 0  |1 0  |4 0  |6 624_170000000000000_JEN_1985  |7 0  |8 A  |9 321665  |a BIBMEC  |b BIBMEC  |d 2019-11-20  |i 3525155  |o 624.17 JEN 1985  |p 3525155  |r 2024-01-19  |w 2019-11-20  |y BK  |k MEC